Every Song by Black Flag - Statistics

General Stats
  • This quiz has been taken 15 times
  • The average score is 24 of 113
Answer Stats
Album Song % Correct
Jealous Again(1980) Jealous Again
100%
Nervous Breakdown(1979) Nervous Breakdown
100%
Slip It In(1984) Slip It In
100%
Damaged(1981) TV Party
100%
Family Man(1984) Family Man
88%
In My Head(1985) In My Head
88%
My War(1984) My War
88%
Damaged(1981) Six Pack
88%
Loose Nut(1985) Loose Nut
75%
Damaged(1981) Rise Above
75%
Damaged(1981) Damaged I
63%
Damaged(1981) Police Story
63%
Live '84(1984) The Process of Weeding Out
63%
Slip It In(1984) Black Coffee
50%
Damaged(1981) Damaged II
50%
I Can See You(1989) I Can See You
50%
Jealous Again(1980) White Minority
50%
My War(1984) Beat My Head Against the Wall
38%
Damaged(1981) Depression
38%
In My Head(1985) Drinking and Driving
38%
Nervous Breakdown(1979) Wasted
38%
Everything Went Black(1982) Clocked In
25%
Nervous Breakdown(1979) Fix Me
25%
Damaged(1981) Gimmie Gimmie Gimmie
25%
My War(1984) I Love You
25%
Damaged(1981) Life of Pain
25%
Jealous Again(1980) No Values
25%
Damaged(1981) Padded Cell
25%
Damaged(1981) Spray Paint
25%
In My Head(1985) The Crazy Girl
25%
My War(1984) The Swinging Man
25%
Damaged(1981) What I See
25%
In My Head(1985) White Hot
25%
Family Man(1984) Account for What?
13%
Loose Nut(1985) Annihilate This Week
13%
Family Man(1984) Armageddon Man
13%
Loose Nut(1985) Bastard in Love
13%
Loose Nut(1985) Best One Yet
13%
In My Head(1985) Black Love
13%
Minuteflag(1986) Candy Rush
13%
My War(1984) Can't Decide
13%
Slip It In(1984) Wound Up
13%
Minuteflag(1986) Fetch the Water
13%
My War(1984) Forever Time
13%
Minuteflag(1986) Friends
13%
Family Man(1984) Hollywood Diary
13%
Everything Went Black(1982) I Don't Care
13%
Loose Nut(1985) I'm the One
13%
In My Head(1985) It's All Up to You
13%
TV Party(1982) I've Got to Run
13%
Nervous Breakdown(1979) I've Had It
13%
Family Man(1984) I Won't Stick Any of You Unless and Until I Can Stick All of You
13%
Family Man(1984) Let Your Fingers Do the Walking
13%
Family Man(1984) Long Lost Dog of It
13%
Loose Nut(1985) Modern Man
13%
Slip It In(1984) My Ghetto
13%
TV Party(1982) My Rules
13%
Family Man(1984) No Deposit – No Return
13%
Damaged(1981) No More
13%
My War(1984) Nothing Left Inside
13%
Loose Nut(1985) Now She's Black
13%
Slip It In(1984) Obliteration
13%
In My Head(1985) Paralyzed
13%
Minuteflag(1986) Power Failure
13%
Slip It In(1984) Rat's Eyes
13%
In My Head(1985) Retired at 21
13%
Jealous Again(1980) Revenge
13%
Damaged(1981) Room 13
13%
Family Man(1984) Salt on a Slug
13%
My War(1984) Scream
13%
The Process of Weeding Out(1985) Screw the Law
13%
Family Man(1984) Shed Reading (Rattus Norvegicus)
13%
Loose Nut(1985) Sinking
13%
In My Head(1985) Society's Tease
13%
The Process of Weeding Out(1985) Southern Rise
13%
Slip It In(1984) The Bars
13%
Family Man(1984) The Pups are Doggin' It
13%
Damaged(1981) Thirsty and Miserable
13%
Loose Nut(1985) This is Good
13%
My War(1984) Three Nights
13%
Jealous Again(1980) You Bet We've Got Something Personal Against You!
13%
In My Head(Bonus)(1985) You Let Me Down
13%
Slip It In(1984) You're Not Evil
13%
The Process of Weeding Out(1985) Your Last Affront
13%
Six Pack(1981) American Waste
0%
What The...(2013) Blood and Ashes
0%
What The...(2013) Down in the Dirt
0%
What The...(2013) Get Out of My Way
0%
What The...(2013) Give Me All Your Dough
0%
What The...(2013) Go Away
0%
What The...(2013) I'm Sick
0%
What The...(2013) It's Not My Time to Go-Go
0%
What The...(2013) It's So Absurd
0%
Six Pack(1981) I've Heard It Before
0%
Who's Got the 10½?(1986) Jam
0%
I Can See You(1989) Kickin' & Stickin
0%
What The...(2013) Lies
0%
The First Four Years(1983) Machine
0%
What The...(2013) My Heart's Pumping
0%
Live at the On Broadway 1982(2010) No Martyrs
0%
What The...(2013) No Teeth
0%
What The...(2013) Now is the Time
0%
What The...(2013) Off My Shoulders
0%
I Can See You(1989) Out of This World
0%
What The...(2013) Outside
0%
What The...(2013) Shut Up
0%
What The...(2013) Slow Your Ass Down
0%
What The...(2013) The Bitter End
0%
What The...(2013) The Chase
0%
What The...(2013) This is Hell
0%
What The...(2013) To Hell and Back
0%
What The...(2013) Wallow in Despair
0%
What The...(2013) You Gotta Be Joking
0%
No matching quizzes found
Score Distribution
Percent of People with Each Score
Percentile by Number Answered
Your Score History
You have not taken this quiz